000 00518nam a22001697a 4500
003 IT-RoPau
005 20220918181108.0
008 130610b xxu||||| |||| 00| 0 eng d
040 _cIT-RoPau
100 _aFiglie di San Paolo
_9673
245 _aInformazione FSP 2006
250 _a1° ed.
260 _aRoma
_bFSP
_c2006
300 _c29,5 cm
500 _aGennaio-Febbraio/Marzo-Aprile/Maggio-Giugno/Luglio-Agosto/Settembre-Ottobre/Novembre-Dicembre/Anniversari consacrazione religiosa 2006.
942 _2ddc
_cCR
999 _c98715
_d98715